[Event "TCh-TUR Super League 2023"]
[Site "Ankara TUR"]
[Date "2023.07.13"]
[Round "4.4"]
[Board "2"]
[White "Yilmaz, Mustafa"]
[Black "Annaberdiyev, Meylis"]
[Result "1/2-1/2"]
[WhiteTitle "GM"]
[BlackTitle "GM"]
[WhiteElo "2639"]
[BlackElo "2496"]
[WhiteTeam "GOKTURK"]
[BlackTeam "HUKUKCU FENERBAHCELILER SPOR VE KULTUR K"]
[WhiteFideId "6302718"]
[BlackFideId "14000563"]
[EventDate "2023.07.10"]

1. d4 Nf6 2. c4 e6 3. Nc3 d5 4. cxd5 exd5 5. Bg5 c6 6. e3 Bd6 7. Bd3 O-O 8. Nf3
Re8 9. O-O Nbd7 10. Re1 h6 11. Bh4 g5 12. Bg3 Bxg3 13. hxg3 Ne4 14. g4 Kg7 15.
Rc1 Qe7 16. Nh2 Qd6 17. f3 Ng3 18. Bb1 Nf6 19. Qd3 b6 20. Rcd1 a5 21. e4 Ba6 22.
Qe3 Qf4 23. e5 Nd7 24. Qf2 Rh8 25. Bd3 Bxd3 26. Rxd3 h5 27. Ne2 Nxe2+ 28. Rxe2
hxg4 29. Nxg4 Rh5 30. Qe3 Qg3 31. Qf2 Qf4 32. g3 Qf5 33. Qe3 Rah8 34. Nh2 Rh3
35. Rg2 Nf8 36. Rc3 c5 37. Qd3 1/2-1/2

[Event "TCh-TUR Super League 2023"]
[Site "Ankara TUR"]
[Date "2023.07.13"]
[Round "4.4"]
[Board "3"]
[White "Ozer, Omer Faruk"]
[Black "Can, Emre"]
[Result "1/2-1/2"]
[WhiteTitle "IM"]
[BlackTitle "GM"]
[WhiteElo "2333"]
[BlackElo "2570"]
[WhiteTeam "HUKUKCU FENERBAHCELILER SPOR VE KULTUR K"]
[BlackTeam "GOKTURK"]
[WhiteFideId "6354564"]
[BlackFideId "6302181"]
[EventDate "2023.07.10"]

1. e4 c5 2. Nf3 d6 3. Bb5+ Nd7 4. Ba4 Nf6 5. O-O e6 6. d3 Be7 7. c4 O-O 8. Nc3
a6 9. h3 Ne5 10. Nxe5 dxe5 11. Be3 Bd7 12. a3 Bxa4 13. Nxa4 Rc8 14. Qe2 g6 15.
b4 cxb4 16. axb4 Nh5 17. c5 Nf4 18. Qd2 Nh5 19. Nb6 Rc7 20. d4 exd4 21. Qxd4 Nf6
22. Rfd1 Qxd4 23. Rxd4 e5 24. Rc4 Rd8 25. Bg5 Kf8 26. Bxf6 Bxf6 27. Nd5 Rc6 28.
Rb1 Be7 29. Kf1 Rdc8 30. Ra1 Bd8 31. Rac1 Ke8 32. R4c3 Kd7 33. Rb3 b6 34. Rd1 1/2-1/2

[Event "TCh-TUR Super League 2023"]
[Site "Ankara TUR"]
[Date "2023.07.13"]
[Round "4.4"]
[Board "4"]
[White "Gokerkan, Cem Kaan"]
[Black "Dogan, Nazmi Can"]
[Result "1-0"]
[WhiteTitle "IM"]
[BlackTitle "FM"]
[WhiteElo "2516"]
[BlackElo "2285"]
[WhiteTeam "GOKTURK"]
[BlackTeam "HUKUKCU FENERBAHCELILER SPOR VE KULTUR K"]
[WhiteFideId "6336760"]
[BlackFideId "6309658"]
[EventDate "2023.07.10"]

1. Nf3 Nf6 2. g3 g6 3. Bg2 Bg7 4. d4 O-O 5. O-O d6 6. b3 b5 7. Bb2 Bb7 8. Qd3 a6
9. c4 bxc4 10. bxc4 Nbd7 11. Nbd2 Rb8 12. Rab1 e6 13. e4 e5 14. d5 Nc5 15. Qc2
Qd7 16. Ba3 Qa4 17. Qxa4 Nxa4 18. Rb3 Nd7 19. Rfb1 Ba8 20. Bh3 Rbd8 21. Bxd7
Rxd7 22. Bb4 c6 23. Ra3 Nc5 24. Bxc5 dxc5 25. Rxa6 Rc8 26. Nb3 cxd5 27. exd5 Bb7
28. Rb6 f6 29. Nfd2 Bxd5 30. cxd5 c4 31. Rc1 Rxd5 32. Rxc4 1-0

[Event "TCh-TUR Super League 2023"]
[Site "Ankara TUR"]
[Date "2023.07.13"]
[Round "4.4"]
[Board "6"]
[White "Kilic, Eray"]
[Black "Ahmadzada, Ahmad"]
[Result "1/2-1/2"]
[WhiteTitle "FM"]
[BlackTitle "IM"]
[WhiteElo "2422"]
[BlackElo "2503"]
[WhiteTeam "GOKTURK"]
[BlackTeam "HUKUKCU FENERBAHCELILER SPOR VE KULTUR K"]
[WhiteFideId "44517173"]
[BlackFideId "13413007"]
[EventDate "2023.07.10"]

1. e4 e5 2. Nf3 Nc6 3. Bc4 Bc5 4. c3 Nf6 5. d4 exd4 6. cxd4 Bb4+ 7. Nbd2 Nxe4 8.
d5 Ne7 9. O-O Nxd2 10. Bxd2 Bxd2 11. d6 cxd6 12. Qxd2 d5 13. Bxd5 O-O 14. Rad1
Nxd5 15. Qxd5 d6 16. b3 h6 17. h3 Re8 18. Qxd6 Qxd6 19. Rxd6 Be6 20. Rfd1 Rac8
21. Nd4 Red8 22. Nxe6 Rxd6 23. Rxd6 fxe6 24. Rxe6 Rc1+ 25. Kh2 Rc2 26. Re7 Rxf2
27. Rxb7 Rxa2 1/2-1/2

[Event "TCh-TUR Super League 2023"]
[Site "Ankara TUR"]
[Date "2023.07.13"]
[Round "4.5"]
[Board "1"]
[White "Mamedov, Rauf"]
[Black "Mendonca, Leon Luke"]
[Result "1/2-1/2"]
[WhiteTitle "GM"]
[BlackTitle "GM"]
[WhiteElo "2636"]
[BlackElo "2627"]
[WhiteTeam "APAYDIN SATRANC VE"]
[BlackTeam "BURSA BUYUKSEHIR BELEDIYE SPOR KULUBU"]
[WhiteFideId "13401653"]
[BlackFideId "35028561"]
[EventDate "2023.07.10"]

1. e4 c5 2. Nf3 d6 3. d4 cxd4 4. Nxd4 Nf6 5. Nc3 a6 6. Bg5 e6 7. f4 Qb6 8. Qd3
Qxb2 9. Rb1 Qa3 10. f5 Be7 11. fxe6 fxe6 12. Be2 Qa5 13. Bd2 Qc7 14. g4 h6 15.
Qh3 O-O 16. g5 hxg5 17. Nxe6 Qc6 18. O-O d5 19. exd5 Nxd5 20. Nxd5 Qxd5 21. Bd3
Bc5+ 22. Be3 Bxe3+ 23. Qxe3 Rxf1+ 24. Rxf1 Qxe6 25. Bc4 Qxc4 26. Qe8+ Kh7 27.
Qh5+ Kg8 28. Qe8+ Kh7 29. Qh5+ Kg8 30. Qe8+ Kh7 1/2-1/2

[Event "TCh-TUR Super League 2023"]
[Site "Ankara TUR"]
[Date "2023.07.13"]
[Round "4.5"]
[Board "2"]
[White "Erdogmus, Yagiz Kaan"]
[Black "Safarli, Eltaj"]
[Result "1/2-1/2"]
[WhiteTitle "IM"]
[BlackTitle "GM"]
[WhiteElo "2483"]
[BlackElo "2607"]
[WhiteTeam "BURSA BUYUKSEHIR BELEDIYE SPOR KULUBU"]
[BlackTeam "APAYDIN SATRANC VE"]
[WhiteFideId "44599790"]
[BlackFideId "13402129"]
[EventDate "2023.07.10"]

1. d4 d5 2. c4 e6 3. Nf3 Nf6 4. Nc3 Be7 5. Bg5 h6 6. Bh4 O-O 7. e3 Ne4 8. Bxe7
Qxe7 9. Rc1 c6 10. Bd3 Nxc3 11. Rxc3 dxc4 12. Bxc4 Nd7 13. O-O e5 14. dxe5 Nxe5
15. Nxe5 Qxe5 16. Qb3 Qe7 17. Rd1 Bf5 18. Bd3 Be6 19. Bc4 Bf5 20. Bd3 Be6 21.
Bc4 Bf5 22. Bd3 Be6 23. Bc4 Bf5 24. Bd3 Be6 1/2-1/2

[Event "TCh-TUR Super League 2023"]
[Site "Ankara TUR"]
[Date "2023.07.13"]
[Round "4.5"]
[Board "3"]
[White "Akbas, Umut Ata"]
[Black "Haznedaroglu, Kivanc"]
[Result "1-0"]
[WhiteTitle "IM"]
[BlackTitle "GM"]
[WhiteElo "2401"]
[BlackElo "2408"]
[WhiteTeam "APAYDIN SATRANC VE"]
[BlackTeam "BURSA BUYUKSEHIR BELEDIYE SPOR KULUBU"]
[WhiteFideId "44572646"]
[BlackFideId "6300634"]
[EventDate "2023.07.10"]

1. d4 Nf6 2. c4 e6 3. Nc3 Bb4 4. Qc2 O-O 5. e4 c5 6. dxc5 Na6 7. Bg5 Qa5 8. Bxf6
gxf6 9. Ne2 Bxc5 10. a3 d5 11. exd5 exd5 12. O-O-O dxc4 13. Nd5 Kh8 14. Ng3 Rg8
15. Bxc4 Be6 16. Kb1 Bf8 17. Nxf6 Rg6 18. Bxe6 Rxf6 19. Bb3 Nc5 20. Ne4 Nxe4 21.
Qxe4 Qf5 22. Qxf5 Rxf5 23. f3 Bc5 24. Rhe1 Kg7 25. Rd7 Rb8 26. Red1 Rf6 27. R1d5
Bg1 28. Re5 Bxh2 29. Rg5+ Kh8 30. Rh5 Bg1 31. Bxf7 Be3 32. Bd5 h6 33. Re5 Bc5
34. Be4 Bf8 35. Rb5 Bg7 36. Rc5 Rb6 37. b4 Bf8 38. Rcc7 Rd6 39. Rh7+ Kg8 40. Bc2 1-0

[Event "TCh-TUR Super League 2023"]
[Site "Ankara TUR"]
[Date "2023.07.13"]
[Round "4.5"]
[Board "4"]
[White "Eren, Ataberk"]
[Black "Taspinar, Yanki"]
[Result "1/2-1/2"]
[WhiteTitle "FM"]
[BlackTitle "FM"]
[WhiteElo "2324"]
[BlackElo "2302"]
[WhiteTeam "BURSA BUYUKSEHIR BELEDIYE SPOR KULUBU"]
[BlackTeam "APAYDIN SATRANC VE"]
[WhiteFideId "6349765"]
[BlackFideId "34561188"]
[EventDate "2023.07.10"]

1. d4 d5 2. c4 e6 3. Nc3 a6 4. cxd5 exd5 5. Nf3 Nf6 6. Bg5 Be6 7. e3 Nbd7 8. Bd3
h6 9. Bh4 g5 10. Bg3 Nh5 11. O-O Nxg3 12. hxg3 c6 13. Re1 Bg7 14. e4 O-O 15.
exd5 cxd5 16. Bc2 Qb6 17. Qd3 Rfe8 18. Qh7+ Kf8 19. Bb3 Qd6 20. Rad1 Rad8 21.
Re2 Nf6 22. Qd3 b5 23. a3 Bg4 24. Rde1 Rxe2 25. Rxe2 Re8 26. Re5 Bxf3 27. Rxe8+
Nxe8 28. gxf3 Nc7 29. Kg2 Qg6 30. Qd2 Qb6 31. Ne2 Bf6 32. Qd3 Kg7 33. Bc2 Kf8
34. Qh7 Bg7 35. Qf5 Qe6 36. Qd3 Qb6 37. Qc3 Bf6 38. Bf5 Kg7 39. f4 Ne6 40. fxg5
hxg5 41. Qe3 1/2-1/2

[Event "TCh-TUR Super League 2023"]
[Site "Ankara TUR"]
[Date "2023.07.13"]
[Round "4.5"]
[Board "5"]
[White "Buksa, Nataliya"]
[Black "Aydin, Gulenay"]
[Result "1/2-1/2"]
[WhiteTitle "IM"]
[BlackTitle "WFM"]
[WhiteElo "2365"]
[BlackElo "2145"]
[WhiteTeam "APAYDIN SATRANC VE"]
[BlackTeam "BURSA BUYUKSEHIR BELEDIYE SPOR KULUBU"]
[WhiteFideId "14123622"]
[BlackFideId "34557431"]
[EventDate "2023.07.10"]

1. e4 c5 2. Nf3 d6 3. d4 cxd4 4. Nxd4 Nf6 5. Nc3 g6 6. Be3 Nc6 7. f3 h5 8. Qd2
Nxd4 9. Bxd4 Bh6 10. Be3 Bxe3 11. Qxe3 Be6 12. Bb5+ Kf8 13. O-O Qc7 14. Rad1 Kg7
15. Rd2 Rhc8 16. a4 Qc5 17. Nd1 a6 18. Be2 b5 19. Qxc5 Rxc5 20. axb5 axb5 21.
Ne3 b4 22. Rd4 b3 23. cxb3 Bxb3 24. Rb4 Be6 25. Rb7 Kf8 26. Kf2 Rcc8 27. b4 Bd7
28. b5 Be6 29. Rb6 Nd7 30. Ra6 Rab8 31. Rb1 Nb6 32. Rb4 Rc7 33. f4 Rcb7 34. f5
Bd7 35. h4 Kg7 36. Nc2 Nc8 37. Nd4 Na7 38. Ra5 e5 39. fxe6 fxe6 40. Ra6 e5 41.
Nf3 Nc8 42. Ng5 Kf6 43. Ra3 Ke7 44. Rf3 Be8 45. Bc4 Na7 46. Bf7 Nc6 47. bxc6
Rxb4 48. Bxe8 Kxe8 49. Ne6 Ke7 50. Nc7 Rxe4 51. Nd5+ Ke6 52. Nc7+ Ke7 53. Nd5+
Ke6 1/2-1/2

[Event "TCh-TUR Super League 2023"]
[Site "Ankara TUR"]
[Date "2023.07.13"]
[Round "4.5"]
[Board "6"]
[White "Babazada, Khazar"]
[Black "Durak, Can"]
[Result "1/2-1/2"]
[WhiteTitle "IM"]
[BlackTitle "FM"]
[WhiteElo "2460"]
[BlackElo "2310"]
[WhiteTeam "BURSA BUYUKSEHIR BELEDIYE SPOR KULUBU"]
[BlackTeam "APAYDIN SATRANC VE"]
[WhiteFideId "13413554"]
[BlackFideId "44552971"]
[EventDate "2023.07.10"]

1. e4 e5 2. Nf3 Nf6 3. Nxe5 d6 4. Nf3 Nxe4 5. Nc3 Nxc3 6. dxc3 Be7 7. Bf4 Nc6 8.
Qd2 Bf5 9. O-O-O Qd7 10. h4 a6 11. Bc4 Be6 12. Bxe6 Qxe6 13. Kb1 O-O-O 14. Rhe1
Qg6 15. Nd4 Nxd4 16. Qxd4 Bf6 17. Qd5 Rhe8 18. Bg3 Be5 19. Re3 Bxg3 20. Rxg3 Qf6
21. Rf3 Qe6 22. Qd4 f6 23. Qa7 Qd5 24. Rfd3 Qc6 25. Rg3 Re7 26. b3 Qb6 27. Qxb6
cxb6 28. Rd4 b5 29. h5 h6 30. Rdg4 Rdd7 31. Kc1 Kd8 32. Kd2 Ke8 33. Re3 Re5 34.
Rd4 Kd8 35. g4 Kc7 36. c4 Rde7 37. cxb5 Rxe3 38. fxe3 axb5 39. c4 bxc4 40. Rxc4+
Kb6 41. Kd3 Re5 42. Rf4 Ra5 43. a4 Rg5 44. b4 Kc6 45. Ke4 d5+ 46. Kf3 Re5 47.
Rd4 Rg5 48. Rf4 Re5 49. Rd4 Rg5 50. Kg3 Kb6 51. Kf4 Kc6 52. e4 dxe4 53. Rxe4 Kd6
54. Re8 Kd7 55. Rf8 Kc7 56. Rf7+ Kb6 57. Rd7 Kc6 58. Re7 Kb6 59. Rf7 Ka6 60. Rd7
Ka7 61. a5 Ka6 62. Re7 g6 63. Re6+ Ka7 64. hxg6 Rxg6 65. b5 h5 66. gxh5 Rh6 67.
Ke4 1/2-1/2

[Event "TCh-TUR Super League 2023"]
[Site "Ankara TUR"]
[Date "2023.07.13"]
[Round "4.6"]
[Board "1"]
[White "Yakubboev, Nodirbek"]
[Black "Abasov, Nijat"]
[Result "1/2-1/2"]
[WhiteTitle "GM"]
[BlackTitle "GM"]
[WhiteElo "2640"]
[BlackElo "2632"]
[WhiteTeam "KARAMAN FUTBOL KULUBU"]
[BlackTeam "DARUSSAFAKA"]
[WhiteFideId "14203987"]
[BlackFideId "13402960"]
[EventDate "2023.07.10"]

1. c4 Nf6 2. Nc3 e5 3. Nf3 Nc6 4. Qc2 g6 5. g3 Bg7 6. Bg2 d6 7. d3 O-O 8. h3 a6
9. a3 Nd4 10. Nxd4 exd4 11. Nd5 c6 12. Nxf6+ Bxf6 13. b4 Be6 14. O-O h5 15. Rb1
Rc8 16. e4 dxe3 17. Bxe3 Re8 18. Rfe1 Qd7 19. Kh2 b5 20. Rbc1 c5 21. Qd2 cxb4
22. Qxb4 Bf5 23. cxb5 axb5 24. Bd4 Bxd4 25. Qxd4 Rxe1 26. Rxe1 Rc5 27. h4 Re5
28. Rc1 Rc5 29. Re1 Re5 30. Rc1 Rc5 31. Re1 1/2-1/2

[Event "TCh-TUR Super League 2023"]
[Site "Ankara TUR"]
[Date "2023.07.13"]
[Round "4.6"]
[Board "2"]
[White "Kadric, Denis"]
[Black "Daneshvar, Bardiya"]
[Result "1/2-1/2"]
[WhiteTitle "GM"]
[BlackTitle "GM"]
[WhiteElo "2601"]
[BlackElo "2577"]
[WhiteTeam "DARUSSAFAKA"]
[BlackTeam "KARAMAN FUTBOL KULUBU"]
[WhiteFideId "14403803"]
[BlackFideId "12576468"]
[EventDate "2023.07.10"]

1. e4 c6 2. d4 d5 3. e5 Bf5 4. h4 h5 5. c4 e6 6. Nc3 dxc4 7. Bxc4 Nd7 8. Nge2
Be7 9. Be3 Nb6 10. Bd3 Bxd3 11. Qxd3 Nd5 12. Nxd5 Qxd5 13. Nf4 Qa5+ 14. Ke2 g6
15. b4 Qa4 16. b5 Nh6 17. bxc6 bxc6 18. Rhc1 Ng4 19. g3 c5 20. Qc4 Qxc4+ 21.
Rxc4 Nxe3 22. fxe3 cxd4 23. exd4 Kd7 24. Rb1 Rab8 25. Rxb8 Rxb8 26. Ra4 Rb7 27.
Ra6 Bd8 28. d5 exd5 29. Nxd5 Rb2+ 30. Kf3 Bb6 1/2-1/2

[Event "TCh-TUR Super League 2023"]
[Site "Ankara TUR"]
[Date "2023.07.13"]
[Round "4.6"]
[Board "4"]
[White "Erturan, Yakup"]
[Black "Makaraci, Tunahan"]
[Result "1/2-1/2"]
[WhiteTitle "IM"]
[WhiteElo "2363"]
[BlackElo "2296"]
[WhiteTeam "DARUSSAFAKA"]
[BlackTeam "KARAMAN FUTBOL KULUBU"]
[WhiteFideId "6301410"]
[BlackFideId "6356559"]
[EventDate "2023.07.10"]

1. e4 c5 2. Nf3 Nc6 3. Bb5 d6 4. d4 cxd4 5. Qxd4 Bd7 6. Bxc6 Bxc6 7. Nc3 Nf6 8.
Bg5 e6 9. O-O-O Be7 10. Rhe1 O-O 11. Qd2 Qa5 12. Kb1 Qa6 13. Nd4 Rac8 14. f3 b5
15. g4 b4 16. Nce2 Qb7 17. Ng3 Ba4 18. Nh5 Nxh5 19. gxh5 f6 20. Be3 Bd7 21. Rg1
Kh8 22. Nb3 Ba4 23. Rc1 Rc7 24. Nd4 Bd7 25. Rg3 Rg8 26. Rcg1 Bf8 27. Qg2 Bc8 28.
Rg6 e5 29. Nf5 Bxf5 30. exf5 Qd5 31. Rg4 a5 32. Qe2 Qf7 33. h6 Qh5 34. Bb6 Rd7
35. hxg7+ Rdxg7 36. Rxg7 Rxg7 37. Rxg7 Kxg7 38. Bxa5 d5 39. Qg2+ Kf7 40. h3 Qxf5
41. Qg4 Qxg4 42. fxg4 f5 43. gxf5 Kf6 44. c3 bxc3 45. bxc3 Kxf5 46. Bb6 Ba3 47.
Kc2 Ke4 48. Kb3 Bd6 49. a4 Kf3 50. a5 e4 51. a6 Bb8 52. a7 Bxa7 53. Bxa7 Kg3 54.
c4 dxc4+ 55. Kxc4 Kxh3 56. Kd4 Kg4 57. Kxe4 h5 58. Bf2 1/2-1/2

[Event "TCh-TUR Super League 2023"]
[Site "Ankara TUR"]
[Date "2023.07.13"]
[Round "4.6"]
[Board "5"]
[White "Abdulla, Khayala"]
[Black "Fataliyeva, Ulviyya"]
[Result "0-1"]
[WhiteTitle "WGM"]
[BlackTitle "IM"]
[WhiteElo "2229"]
[BlackElo "2401"]
[WhiteTeam "KARAMAN FUTBOL KULUBU"]
[BlackTeam "DARUSSAFAKA"]
[WhiteFideId "13401807"]
[BlackFideId "13403052"]
[EventDate "2023.07.10"]

1. e4 e5 2. Nf3 Nc6 3. Bb5 a6 4. Bxc6 dxc6 5. O-O Qf6 6. d4 exd4 7. Bg5 Qd6 8.
Nxd4 Be7 9. Bxe7 Nxe7 10. Nc3 Bd7 11. Nb3 O-O-O 12. Qe2 Kb8 13. Rad1 Qf6 14. f4
Ng6 15. e5 Qe7 16. Ne4 Bc8 17. Qe3 Rxd1 18. Rxd1 Re8 19. Rd4 b6 20. Rd3 Nxe5 21.
fxe5 Qxe5 22. Nbd2 f5 23. Rd4 c5 24. Rc4 Qxb2 25. Qf4 Qc1+ 26. Kf2 fxe4 27. Ke2
e3 28. Nf1 a5 29. Qf7 Rd8 30. Nxe3 Ba6 31. Kf3 Bxc4 32. Qxc4 Rf8+ 33. Ke2 Re8 0-1

[Event "TCh-TUR Super League 2023"]
[Site "Ankara TUR"]
[Date "2023.07.13"]
[Round "4.6"]
[Board "6"]
[White "Isik, Alparslan"]
[Black "Ipek, Egehan"]
[Result "1/2-1/2"]
[WhiteTitle "IM"]
[BlackTitle "FM"]
[WhiteElo "2478"]
[BlackElo "2258"]
[WhiteTeam "DARUSSAFAKA"]
[BlackTeam "KARAMAN FUTBOL KULUBU"]
[WhiteFideId "34506896"]
[BlackFideId "44523793"]
[EventDate "2023.07.10"]

1. c4 Nf6 2. Nc3 e6 3. e4 d5 4. e5 d4 5. exf6 dxc3 6. bxc3 Qxf6 7. Nf3 b6 8. d4
h6 9. Be2 Nd7 10. O-O Bd6 11. Qa4 O-O 12. Nd2 Qg6 13. Bf3 Rb8 14. Qxa7 c5 15.
Re1 e5 16. Bb2 f5 17. Bd5+ Kh8 18. Nf1 e4 19. Ba3 Re8 20. Qa4 b5 21. Qd1 b4 22.
dxc5 bxa3 23. cxd6 Qxd6 24. Bf7 Qxd1 25. Raxd1 Rf8 26. Bd5 Nc5 27. Rb1 Ba6 28.
Red1 Na4 29. Rbc1 Rb2 30. Ne3 Nc5 31. Ra1 Nd3 32. f3 Ne5 33. f4 Nd3 34. Nxf5
Rxf5 35. Bxe4 Rxf4 36. Bxd3 Bb7 37. Bf1 Bxg2 38. Rd4 Rxf1+ 39. Rxf1 Bxf1 40.
Kxf1 Rxa2 41. Rd8+ Kh7 42. Ra8 Rxh2 43. Rxa3 Rh4 44. Ra4 Rh3 45. Ke2 Rxc3 46.
Kd2 Rf3 47. c5 Rf6 48. Ke3 h5 49. Rc4 Rc6 50. Ke4 g5 51. Kf5 Kh6 52. Rc2 h4 53.
Kg4 Kg6 54. Rc3 1/2-1/2

[Event "TCh-TUR Super League 2023"]
[Site "Ankara TUR"]
[Date "2023.07.14"]
[Round "5.1"]
[Board "1"]
[White "Abasov, Nijat"]
[Black "Sychev, Klementy"]
[Result "1-0"]
[WhiteTitle "GM"]
[BlackTitle "GM"]
[WhiteElo "2632"]
[BlackElo "2540"]
[WhiteTeam "DARUSSAFAKA"]
[BlackTeam "TAS DUVAR"]
[WhiteFideId "13402960"]
[BlackFideId "4114060"]
[EventDate "2023.07.10"]

1. c4 c5 2. Nc3 Nf6 3. Nf3 e6 4. g3 d5 5. cxd5 exd5 6. d4 Nc6 7. Bg2 cxd4 8.
Nxd4 Bc5 9. Nb3 Bb6 10. Nxd5 Be6 11. e4 Bg4 12. Qc2 Rc8 13. O-O Nb4 14. Qd2
Nbxd5 15. h3 Bh5 16. e5 O-O 17. a4 a5 18. exf6 Nxf6 19. Qxd8 Rfxd8 20. Bxb7 Rc7
21. Ba6 Ne4 22. g4 Nxf2 23. gxh5 Rc2 24. Kg2 Nd3+ 25. Kf3 Rd6 26. Bd2 Rxb2 27.
Rfb1 Rc2 28. Bxd3 Rxd3+ 29. Ke2 Rd8 30. Rc1 Rb2 31. Rab1 Ra2 32. Rc6 Ba7 33. Ra6
Bb8 34. Ra8 h6 35. Kf3 Bc7 36. Rxd8+ Bxd8 37. Re1 Kh7 38. Re8 Bf6 39. Bf4 Ra3
40. Rb8 Bc3 41. Be3 Rxa4 42. Bf2 Rb4 43. Rxb4 Bxb4 44. Nc5 Kg8 45. Ke4 Kh8 46.
Bd4 Kg8 47. Na4 Kh7 48. Nb6 Kg8 49. Nd5 Bf8 50. Nc3 Bb4 51. Kd3 Kh7 52. Kc4 Be7
53. Bb6 Bb4 54. Nd5 Be1 55. Nc3 g6 56. Bxa5 gxh5 57. Kd3 Kg6 58. Ke2 Bh4 59. Nd5
Bg5 60. Kf3 Kf5 61. Bc7 Bd2 62. Nf4 h4 63. Ng2 Bg5 64. Bb6 Kg6 65. Bf2 f5 66.
Nxh4+ Kf6 67. Bd4+ Ke6 68. Ng2 Kf7 69. h4 Be7 70. h5 Bg5 71. Nf4 Kg8 72. Nh3 Kh7
73. Be3 1-0

[Event "TCh-TUR Super League 2023"]
[Site "Ankara TUR"]
[Date "2023.07.14"]
[Round "5.1"]
[Board "2"]
[White "Visakh, N R"]
[Black "Kadric, Denis"]
[Result "1/2-1/2"]
[WhiteTitle "GM"]
[BlackTitle "GM"]
[WhiteElo "2536"]
[BlackElo "2601"]
[WhiteTeam "TAS DUVAR"]
[BlackTeam "DARUSSAFAKA"]
[WhiteFideId "25012223"]
[BlackFideId "14403803"]
[EventDate "2023.07.10"]

1. d4 d6 2. e4 Nf6 3. Nc3 g6 4. Be3 Bg7 5. Qd2 c6 6. Nf3 O-O 7. Bh6 Bg4 8. Be2
Nbd7 9. Bxg7 Kxg7 10. e5 dxe5 11. dxe5 Ng8 12. O-O-O Bxf3 13. Qxd7 Bxe2 14. Qxd8
Rfxd8 15. Nxe2 f6 16. Nf4 Kf7 17. e6+ Ke8 18. g4 Rd6 19. h4 Rad8 20. Rxd6 exd6
21. Rh3 Ke7 22. Rb3 Rb8 23. Ra3 a6 24. c4 g5 25. Nh5 Nh6 26. hxg5 fxg5 27. f3
Kxe6 28. Re3+ Kf7 29. Ng3 Rd8 30. Rb3 Rd7 31. Ne4 Kg6 32. c5 d5 33. Nd6 Nf7 34.
Nxb7 d4 1/2-1/2

[Event "TCh-TUR Super League 2023"]
[Site "Ankara TUR"]
[Date "2023.07.14"]
[Round "5.1"]
[Board "3"]
[White "Aghamaliyev, Cemil"]
[Black "Selbes, Tarik"]
[Result "1-0"]
[WhiteTitle "GM"]
[BlackTitle "FM"]
[WhiteElo "2482"]
[BlackElo "2245"]
[WhiteTeam "DARUSSAFAKA"]
[BlackTeam "TAS DUVAR"]
[WhiteFideId "13400215"]
[BlackFideId "6302513"]
[EventDate "2023.07.10"]

1. e4 e5 2. Nf3 Nc6 3. Bc4 Nf6 4. d4 exd4 5. e5 Ne4 6. Qe2 Nc5 7. O-O Ne6 8. c3
d5 9. exd6 Bxd6 10. Bg5 Be7 11. Bxe7 Qxe7 12. Rd1 O-O 13. cxd4 Qf6 14. Bxe6 fxe6
15. Nc3 b6 16. Rac1 Bb7 17. d5 Nb4 18. Qxe6+ Qxe6 19. dxe6 Rae8 20. a3 Na6 21.
Nb5 Rxe6 22. Nxc7 Rg6 23. Nh4 Rgf6 24. Nxa6 Bxa6 25. Rd2 Bb7 26. Rc7 Rc6 27.
Rdd7 Rxc7 28. Rxc7 Bd5 29. Rxa7 g5 30. Nf3 Bxf3 31. gxf3 Rxf3 32. b4 Rb3 33. Kg2
g4 34. Kf1 h5 35. Rb7 Rxa3 36. Rxb6 Kg7 37. Rb8 h4 38. b5 Rh3 39. Re8 Rb3 40.
Rb8 Rb2 41. b6 Rb4 42. Ke2 Re4+ 43. Kd3 Re6 44. Kd4 Rf6 45. Ke3 Rf3+ 46. Ke2 Rf6
47. Ke1 Rd6 48. Kf1 Re6 49. h3 gxh3 50. b7 Rb6 51. Kg1 Rb2 52. f4 Rg2+ 53. Kh1
Rb2 54. f5 h2 55. f6+ 1-0

[Event "TCh-TUR Super League 2023"]
[Site "Ankara TUR"]
[Date "2023.07.14"]
[Round "5.1"]
[Board "4"]
[White "Karagollu, Ahmet"]
[Black "Erturan, Yakup"]
[Result "1-0"]
[BlackTitle "IM"]
[WhiteElo "2175"]
[BlackElo "2363"]
[WhiteTeam "TAS DUVAR"]
[BlackTeam "DARUSSAFAKA"]
[WhiteFideId "6307825"]
[BlackFideId "6301410"]
[EventDate "2023.07.10"]

1. e4 c5 2. Nf3 Nc6 3. Bb5 g6 4. O-O Bg7 5. Bxc6 dxc6 6. d3 e5 7. a4 a5 8. Na3
Qc7 9. Be3 b6 10. Nc4 Be6 11. Nfd2 Ne7 12. b4 axb4 13. a5 bxa5 14. Bxc5 Nc8 15.
Bxb4 a4 16. Bc5 Bf8 17. Bxf8 Kxf8 18. Ra3 Nb6 19. Nxb6 Qxb6 20. Qa1 Qa5 21. Nf3
f6 22. d4 exd4 23. Nxd4 Kf7 24. Rb1 Qc7 25. Rxa4 Rxa4 26. Qxa4 Bd7 27. Qb3+ Ke7
28. h3 c5 29. Nf3 Rd8 30. Qe3 Kf7 31. e5 fxe5 32. Nxe5+ Kg7 33. Qc3 Kf8 34.
Nxd7+ Rxd7 35. Qh8+ Kf7 36. Qxh7+ Kf6 37. Qh8+ Kf7 38. Re1 Qd6 1-0

[Event "TCh-TUR Super League 2023"]
[Site "Ankara TUR"]
[Date "2023.07.14"]
[Round "5.1"]
[Board "5"]
[White "Fataliyeva, Ulviyya"]
[Black "Nurmanova, Alua"]
[Result "0-1"]
[WhiteTitle "IM"]
[BlackTitle "WIM"]
[WhiteElo "2401"]
[BlackElo "2183"]
[WhiteTeam "DARUSSAFAKA"]
[BlackTeam "TAS DUVAR"]
[WhiteFideId "13403052"]
[BlackFideId "13729390"]
[EventDate "2023.07.10"]

1. c4 Nf6 2. Nc3 g6 3. e4 d6 4. d4 Bg7 5. h3 O-O 6. Be3 c5 7. d5 e6 8. Nf3 exd5
9. cxd5 Re8 10. Nd2 Na6 11. Be2 Nc7 12. a4 Na6 13. O-O Nb4 14. Bg5 a6 15. f4 Qc7
16. Bc4 Nd7 17. e5 f6 18. exd6 Qxd6 19. Nce4 Qf8 20. f5 fxg5 21. fxg6 Bd4+ 22.
Kh1 Qh6 23. Qg4 Nb6 24. gxh7+ Kh8 25. Qg3 Be5 26. Qxg5 Qxg5 27. Nxg5 Bxb2 28.
Rad1 Bc3 29. Be2 Bxd2 30. Rxd2 Bd7 31. Bh5 Rf8 32. Rdf2 Rxf2 33. Rxf2 c4 34. Bg6
c3 35. Nf7+ Kg7 36. h8=Q+ Rxh8 37. Nxh8 Kxh8 38. Rf7 a5 39. h4 Be8 40. Rh7+ Kg8
41. Be4 Bf7 42. Rh6 Nxa4 43. d6 Nc5 44. Rf6 Kg7 45. d7 Nxd7 46. Rf5 Nf6 47. Rg5+
Kf8 48. Bb1 b6 49. Rf5 Ke7 50. Re5+ Kd6 51. Rf5 Ke6 52. Rf2 Bh5 53. Bf5+ Ke5 54.
Bb1 Bg4 55. g3 b5 56. Kg1 a4 57. h5 a3 58. h6 c2 0-1